000 00721nam a2200241Ia 4500
003 OSt
005 20220923223511.0
006 a|||||r|||| 00| 0
007 ta
008 220922b |||||||| |||| 00| 0 hin d
024 _a218,304
037 _cTextual
040 _aARTS
_cARTS
_bhin
041 _2hin
_ahin
082 _aO152,1(/\25):g, N3
100 _aप्रेमशंकर
245 0 _aभक्तिकाव्य की भूमिका
246 _aBhaktikāvya kī bhūmikā
260 _aदिल्ली
_b राधाकृष्ण
_c1993
300 _a155i`
_ccm.
942 _hO152,1(/\25):g, N3
_cTEXL
_2CC
999 _c365766
_d365766